1646 1384 1315 1780 1245 1769 1557 1788 1332 1750 1000 1592 1732 1790 1057 1022 1756 1303 1887 1619 1102 1796 1424 1337 1379 1902 1705 1236 1861 1350 1927 1621 1779 1754 1006 1798 1760 1769 1177 1940 1192 1936 1334 1335 1198 1112 1057 1807 1658 1501 1932 1773 1893 1875 1647 1625 1654 1736 1734 1183 1756 1056 1029 1649 1422 1350 1449 1045 1664 1411 1733 1149 1597 1375 1957 1262 1854 1526 1181 1570 1325 1958 1043 1115 1923 1018 1563 1043 1053 1491 1977 1723 1071 1714 1422 1856 1204 1521 1816 BCNSPRNW ULIB Ver.6.0+V

เปลี่ยนเป็นภาษาไทย

Change to English
 แสดงรายละเอียดบรรณานุกรม
  กลับหน้าหลัก

Brief Record : Get Marc (ISO 2709) : E-mail record : QR code < ปิดหน้าต่าง
LEADER : 00000nam 2200000uu 4500
001    13399122004
003     ULIB
008    020711s2550 th a 000 0 tha d
020    9789747357165
099    รส.พ617ว
100    พ่าย
245    วาปี เด็กชายผู้ถามหาอนาคต
260    กรุง :^bแก่นปัญญา,^c2550
945    ^p0^l0^i027639
รายการนี้ยังไม่มีแท็ก
คุณยังไม่ได้ล็อกอิน คุณสามารถมีกิจกรรมร่วมกับเว็บไซต์ได้ แต่ต้องล็อกอินก่อน ::
  ล็อกอิน

รายการสื่อสารสนเทศ

ลำดับที่ ประเภท เลขเรียก/บาร์โค้ด สถานที่ สถานะ
1. วิทยาศาสตร์การแพทย์ และสุขภาพ
วิทยาศาสตร์การแพทย์ และสุขภาพ
รส.พ617ว  
  Barcode: 027639
ห้องสมุดวิทยาเขตสวรรค์ประชารักษ์
►นวนิยาย
บนชั้น
  ขอยืม

BibComment


ยังไม่เคยถูกคอมเมนท์

คอมเมนท์ทรัพยากรรายการนี้
  คอมเมนท์: วาปี เด็กชายผู้ถา..


 Copyright 2026. Bcnsprnw @Library